000 00334cam a22001097a 4500
008 180718b1981 xxu||||| |||| 00| 0 eng d
082 _aA75 R137S
100 _aGupta, Savitri
245 _aRajasthan district gazetteers: Sawai Madhopur
_cby Savitri Gupta
260 _aJaipur
_bDirectorate of District Gazetteers
_c1981
300 _a601+p.
999 _c487183
_d487183